00634nam a2200181Ia 4500001001000000003000500010008004100015010001100056040000900067100003100076245011500107260003400222300001000256502010600266650001400372650001600386710005000402Para_9467CHAP220125s2008 xx 000 0 und d a205844 cCHAP aGómez Hernández, Jeú aAislamiento e identificación de bacterias degradadoras del herbicida 2,4-D /c por Jeú Gómez Hernández aChapingo, Méx. :b el autor a47 h. aTesis (Ing. Agr. Esp. en Parasitología Agrícola) -- UACh. Departamento Parasitología Agrícola aBacterias aHerbicidas  aUACh. Departamento Parasitología Agrícola